| 000 | 01697cam a22002174a 4500 | ||
|---|---|---|---|
| 005 | 20250605164408.0 | ||
| 008 | 250528s ||||||||||||||||||||||||d | ||
| 035 | _a24930 | ||
| 020 | _a9781608310180 | ||
| 040 |
_aGR-AtMCL _bgre _dGR-AtMCL _eAACR2 |
||
| 245 | 1 | _aMotor Control / Translating Research into Clinical Practice: Fourth Edition | |
| 250 | _a4th | ||
| 260 |
_bWolter Kluwer Lippincott Wlliams & Wilkins, _c2012 |
||
| 300 | _a644 | ||
| 520 | _aThe text provides a conceptual framework for clinical practice and a practical framework for understanding and examining patients. Preface, Theoretical Framework, Motor Control: Issues and Theories, Motor Learning and Recovery of Function, Physiology of Motor Control, Physiological Basis of Motor Learning and Recovery of Function, Constraints on Motor Control: An Overview of Neurologic Impairments, A Conceptual Framework for Clinical Practice, Postural Control, Normal Postural Control, Development of Postural Control, Aging and Postural Control, Abnormal Postural Control, Clinical Management of the Patient with a Postural Control Disorder, Mobility Functions, Control of Normal Mobility, A Life Span Perspective of Mobility, Abnormal Mobility, Clinical Management of the Patient with a Mobility Disorder, Reach and Grasp and Manipulation, Normal Reach and Grasp and Manipulations, Reach and Grasp and Manipulation: Changes Across the Life Span, Abnormal Reach and Grasp and Manipulation, Clinical Management of the Patient with Reach and Grasp and Manipulation Disorders, References, Index. | ||
| 700 | 1 |
_aShumway-Cook Anne _95814 |
|
| 700 | 1 |
_aWoollacott Marjorie _95815 |
|
| 942 | _cBK | ||
| 999 |
_c9760 _d9760 |
||